| 000 | 01300nam a2200217 i 4500 | ||
|---|---|---|---|
| 001 | 159100 | ||
| 003 | ES-MaACL | ||
| 005 | 20250727063147.0 | ||
| 008 | 931025s1783 sp |||| | spa d | ||
| 100 | 1 |
_aMasdéu, Juan Francisco, _d1744-1817 _9129694 |
|
| 245 | 1 | 0 |
_aHistoria critica de España y de la cultura española / _cobra compuesta y publicada en italiano por D. Juan Francisco de Masdeu... ; tomo I y preliminar a la historia, Discurso histórico filosófico sobre el clima de España, el genio y el ingenio de los españoles para la industria y la literatura, su caracter politico y moral. |
| 260 |
_aEn Madrid : _bpor don Antonio de Sancha, se hallará en su libreria en la Aduana vieja, _c1783. |
||
| 300 |
_a20, 339 p. ; _c4º (21 cm) |
||
| 500 | _aExisten dos ediciones: una, incluye el orden de los tomos en que se dividirá la obra en la contraportada, la otra, no incluye el orden de los tomos, aunque coincide la paginación. | ||
| 597 | _aSign.: [ ]4, 2*4, 3*2, A-Z4, 2A-2T4, 2V2. | ||
| 597 | _aAntep. | ||
| 651 | 4 |
_aEspaña- _xHistoria. _98209 |
|
| 852 |
_aES-MaACL _jR-270-89 _z-- Enc. pasta _z.- Edición que no incluye el orden de los tomos en el verso de anteportada _x Olim: C-44-63 |
||
| 999 |
_c159100 _d159100 |
||